000 00936nam a2200217Ia 4500
001 onu22-30524
003 IT-MiCISF
008 161014s9999||||xx |||||||||||||| ||und||
040 _aIT-MiCISF
_cIT-MiCISF
041 _aen
100 _aAA.VV.
240 _aPopulation in Europe and North America on the Eve of the Millenium: Dynamics and Policy Responses
245 0 _aPopulation in Europe and North America on the Eve of the Millenium: Dynamics and Policy Responses
_bRegional Population Meeting, 7-9 dicembre 1998, Budapest
250 _a1a ed.
260 _a New York - Geneva
_bUnited Nations
_c1999
300 _app. VI, 282 + 21
500 _aUnited Nations Economic Commission for Europe - United Nations Population Fund, Council of Europe, Hungarian Central Statistical Office / popolazione, denatalità, invecchiamento, comparazione / documento
650 _apopolazione
942 _cBK
957 _71
999 _a30524
_bsi
_g1
_c208778
_d208778